[Event "GBR-ch108 Major Open"]
[Site "Torquay"]
[Date "2022.08.15"]
[Round "3"]
[White "Headlong, Georgia"]
[Black "McCarthy, Damian"]
[Result "0-1"]
[WhiteElo "1417"]
[BlackElo "1860"]
[PlyCount "158"]
[EventDate "2022.08.13"]
[EventType "swiss"]
[EventRounds "9"]
[EventCountry "GBR"]
[SourceTitle "BritBase"]
[Source "John Saunders"]
[SourceDate "2021.06.05"]
[SourceVersion "1"]
[SourceVersionDate "2021.06.05"]
[SourceQuality "1"]

1. e4 c5 2. Nc3 e6 3. g3 Nc6 4. Bg2 g6 5. d3 Bg7 6. Be3 d6 7. Qd2 Rb8 8. Nf3
Nd4 9. O-O Ne7 10. Ne1 h5 11. h4 b5 12. Nd1 b4 13. c3 bxc3 14. bxc3 Ndc6 15.
Nf3 Ne5 16. Nxe5 Bxe5 17. f4 Bg7 18. Nf2 Qa5 19. Rac1 Bd7 20. Nh3 O-O 21. Qc2
Rb6 22. d4 cxd4 23. Bxd4 Bxd4+ 24. cxd4 Rc8 25. Qf2 Rbc6 26. Rxc6 Rxc6 27. Rb1
Qc7 28. Rb2 Kg7 29. Ng5 Ng8 30. Qd2 Nh6 31. Bh3 Rc3 32. Kf2 Qc4 33. Nf3 Rc1 34.
Ne1 a6 35. Rb4 Qc6 36. Qe2 a5 37. Rb2 Qc3 38. Rd2 Bb5 39. Nd3 Qxd4+ 40. Qe3
Qxe3+ 41. Kxe3 Rc3 42. Kd4 Ra3 43. Bf1 Ra4+ 44. Ke3 Ng4+ 45. Kf3 Ra3 46. Be2
Bc4 47. Rd1 Kf8 48. Rd2 Ke7 49. Rd1 d5 50. e5 Rxa2 51. Nc1 Ra3+ 52. Bd3 Rc3 53.
Ke2 Rc2+ 54. Ke1 Bxd3 55. Nxd3 Ne3 56. Ra1 Nc4 57. Kf1 Kd7 58. Nc5+ Kc6 59. Nb3
Kb6 60. Kg1 Rb2 61. Nc1 Kb5 62. Na2 d4 63. Nc1 a4 64. Nd3 Rb3 65. Nc1 Rxg3+ 66.
Kf2 Rc3 67. Ne2 Rc2 68. Ke1 Rb2 69. Nxd4+ Kb4 70. Nc6+ Kb3 71. Nd4+ Kc3 72.
Ne2+ Kb4 73. Nc1 Rh2 74. Rb1+ Kc3 75. Ne2+ Kd3 76. Nc1+ Ke3 77. Kf1 Nd2+ 78.
Kg1 Nf3+ 79. Kf1 Rf2# 0-1

[Event "GBR-ch108 Major Open"]
[Site "Torquay"]
[Date "2022.08.15"]
[Round "3"]
[White "Sivanandan, Bodhana"]
[Black "Foster, Timothy"]
[Result "0-1"]
[WhiteElo "1436"]
[BlackElo "1766"]
[PlyCount "150"]
[EventDate "2022.08.13"]
[EventType "swiss"]
[EventRounds "9"]
[EventCountry "GBR"]
[SourceTitle "BritBase"]
[Source "John Saunders"]
[SourceDate "2021.06.05"]
[SourceVersion "1"]
[SourceVersionDate "2021.06.05"]
[SourceQuality "1"]

1. e4 c5 2. Nc3 g6 3. f4 Bg7 4. Nf3 Nc6 5. a4 e6 6. e5 Nh6 7. Bb5 Nd4 8. O-O a6
9. Be2 d5 10. exd6 Qxd6 11. d3 O-O 12. Kh1 Nxe2 13. Qxe2 b6 14. Bd2 Bb7 15.
Rad1 Nf5 16. Ne4 Qc7 17. b3 Rad8 18. Kg1 b5 19. axb5 axb5 20. Ng3 Bxf3 21. Qxf3
Nd4 22. Qe4 Nxc2 23. Rc1 Nd4 24. Rb1 Qc6 25. Qxc6 Nxc6 26. Be3 Bd4 27. Bxd4
Nxd4 28. Rfc1 Rc8 29. Kf2 f5 30. Ke3 e5 31. h4 h6 32. b4 g5 33. hxg5 hxg5 34.
Ne2 exf4+ 35. Kf2 Nxe2 36. Kxe2 Rfe8+ 37. Kf2 cxb4 38. Rxc8 Rxc8 39. Rxb4 Rb8
40. Kf3 Kf7 41. Ke2 Ke6 42. Kd2 Kd5 43. Kc2 Kc5 44. Kc3 Rb7 45. Kb3 Kd5 46. Kc3
Ke5 47. Kd2 Rb8 48. Ke2 Kd5 49. Kd2 Kc5 50. Kc3 Rh8 51. d4+ Kc6 52. Rb2 Rh2 53.
Rf2 Kd5 54. Re2 b4+ 55. Kd3 b3 56. Kc3 b2 57. Rxb2 g4 58. Rb5+ Ke6 59. Rb6+ Kd7
60. Rf6 Rxg2 61. Rxf5 f3 62. Kd3 f2 63. Ke2 g3 64. d5 Rg1 65. Rf7+ Ke8 66. Rf3
Re1+ 67. Kd2 f1=Q 68. Rxf1 Rxf1 69. Ke2 g2 70. Kd3 g1=Q 71. Kc4 Rd1 72. d6 Rxd6
73. Kc3 Qc5+ 74. Kb3 Rb6+ 75. Ka4 Qb4# 0-1

[Event "GBR-ch108 Major Open"]
[Site "Torquay"]
[Date "2022.08.15"]
[Round "3"]
[White "Matthews, Adrian M S"]
[Black "Hutchence, Gregg Sh"]
[Result "1/2-1/2"]
[WhiteElo "1932"]
[BlackElo "1417"]
[PlyCount "85"]
[EventDate "2022.08.13"]
[EventType "swiss"]
[EventRounds "9"]
[EventCountry "GBR"]
[SourceTitle "BritBase"]
[Source "John Saunders"]
[SourceDate "2021.06.05"]
[SourceVersion "1"]
[SourceVersionDate "2021.06.05"]
[SourceQuality "1"]

1. e4 e5 2. Nf3 Nf6 3. Nc3 Nc6 4. d3 h6 5. Be2 Bb4 6. O-O d6 7. a3 Ba5 8. b4
Bb6 9. Na4 O-O 10. Nxb6 axb6 11. Bb2 Re8 12. c4 Ne7 13. Nh4 Nc6 14. g3 Nd4 15.
f4 Nxe2+ 16. Qxe2 exf4 17. Rxf4 Nh7 18. Raf1 Ng5 19. Kh1 Be6 20. Nf5 Bxf5 21.
Rxf5 f6 22. Qg4 Re5 23. h4 Rxf5 24. exf5 Nf7 25. Re1 Ne5 26. Qe4 c5 27. d4 cxd4
28. Qxd4 Qc7 29. Qd5+ Kh8 30. Re4 Qc6 31. Qxc6 bxc6 32. Bxe5 dxe5 33. Re3 Kg8
34. Rd3 Kf8 35. Rd6 Rc8 36. Kg2 Ke7 37. c5 b5 38. Kf3 Ra8 39. Rd3 Ra7 40. h5
Ra6 41. Ke4 Ra4 42. Ke3 Ra6 43. Ke4 1/2-1/2

[Event "GBR-ch108 Major Open"]
[Site "Torquay"]
[Date "2022.08.15"]
[Round "3"]
[White "Kumar, Soham"]
[Black "Novak, Vjekoslav"]
[Result "1/2-1/2"]
[WhiteElo "1368"]
[BlackElo "1663"]
[PlyCount "108"]
[EventDate "2022.08.13"]
[EventType "swiss"]
[EventRounds "9"]
[EventCountry "GBR"]
[SourceTitle "BritBase"]
[Source "John Saunders"]
[SourceDate "2021.06.05"]
[SourceVersion "1"]
[SourceVersionDate "2021.06.05"]
[SourceQuality "1"]

1. e4 d5 2. exd5 Nf6 3. d4 Bg4 4. f3 Bf5 5. c4 e6 6. dxe6 Nc6 7. Be3 Bb4+ 8.
Nc3 Qe7 9. exf7+ Kxf7 10. Kf2 Rhe8 11. Qd2 Rad8 12. Nge2 Ne5 13. Bg5 Nxc4 14.
Qf4 Bd3 15. b3 Bd6 16. Qh4 h6 17. Bxf6 gxf6 18. bxc4 Qe3+ 19. Ke1 Bxe2 20.
Qxf6+ Kxf6 21. Nd5+ Kf7 22. Nxe3 Rxe3 23. Kf2 Rde8 24. Re1 Bxf1 25. Rxe3 Rxe3
26. Kxe3 Bxc4 27. a4 b5 28. Rc1 Bxh2 29. f4 c6 30. Rh1 Bg3 31. Kf3 bxa4 32.
Kxg3 a3 33. Ra1 a2 34. Kg4 Kg7 35. Kf5 Kf7 36. Ke5 h5 37. Kf5 Ke7 38. Kg5 Bf7
39. f5 Kd6 40. f6 c5 41. dxc5+ Kxc5 42. Kh6 Kb4 43. Kg7 Bc4 44. Kg6 Ka3 45.
Kxh5 Kb2 46. Re1 Bf7+ 47. Kh6 a1=Q 48. Rxa1 Kxa1 49. g4 a5 50. g5 a4 51. g6
Bxg6 52. Kxg6 a3 53. f7 a2 54. f8=Q Kb1 1/2-1/2

[Event "GBR-ch108 Major Open"]
[Site "Torquay"]
[Date "2022.08.15"]
[Round "3"]
[White "Cox, Lucian"]
[Black "Walley, A Clive"]
[Result "0-1"]
[WhiteElo "1295"]
[BlackElo "1822"]
[PlyCount "134"]
[EventDate "2022.08.13"]
[EventType "swiss"]
[EventRounds "9"]
[EventCountry "GBR"]
[SourceTitle "BritBase"]
[Source "John Saunders"]
[SourceDate "2021.06.05"]
[SourceVersion "1"]
[SourceVersionDate "2021.06.05"]
[SourceQuality "1"]

1. e4 c5 2. d4 cxd4 3. c3 Nf6 4. e5 Nd5 5. Bc4 Nb6 6. Bb3 Nc6 7. Nf3 d5 8. cxd4
g6 9. Nc3 Bg7 10. Be3 O-O 11. Qd2 Na5 12. Bh6 Nac4 13. Qc1 Nxb2 14. O-O N2c4
15. Re1 Bg4 16. Nh4 Rc8 17. Qf4 Qd7 18. h3 Be6 19. Rac1 f6 20. exf6 exf6 21.
Nf3 Bf7 22. Bxg7 Kxg7 23. Bc2 Nb2 24. Bb1 Rfe8 25. Rxe8 Qxe8 26. g4 N2c4 27. h4
Qe7 28. g5 f5 29. h5 Qc7 30. h6+ Kg8 31. Ne5 Nxe5 32. Qxe5 Qxe5 33. dxe5 Na4
34. Ne2 Rxc1+ 35. Nxc1 Kf8 36. f4 Ke7 37. a3 Be6 38. Ne2 Nc5 39. Nd4 Bg8 40.
Kg2 Ne6 41. Ne2 Kd7 42. Ba2 Kc6 43. Kg3 Kc5 44. Nc3 Nc7 45. Kf3 Be6 46. Ke2 d4
47. Na4+ Kb5 48. Bxe6 Nxe6 49. Nb2 Nxf4+ 50. Kd2 Kc5 51. Nd3+ Nxd3 52. Kxd3 Kd5
53. e6 Kxe6 54. Kxd4 Kd6 55. a4 b6 56. Kc4 a6 57. Kd4 b5 58. axb5 axb5 59. Kd3
Kd5 60. Ke3 b4 61. Kd3 f4 62. Kd2 Kd4 63. Kc2 f3 64. Kd2 b3 65. Kd1 Kd3 66. Ke1
b2 67. Kd1 b1=Q# 0-1

[Event "GBR-ch108 Major Open"]
[Site "Torquay"]
[Date "2022.08.15"]
[Round "3"]
[White "Ashworth, Robert"]
[Black "Menadue, Jeremy F S"]
[Result "0-1"]
[WhiteElo "1581"]
[BlackElo "2008"]
[PlyCount "104"]
[EventDate "2022.08.13"]
[EventType "swiss"]
[EventRounds "9"]
[EventCountry "GBR"]
[SourceTitle "BritBase"]
[Source "John Saunders"]
[SourceDate "2021.06.05"]
[SourceVersion "1"]
[SourceVersionDate "2021.06.05"]
[SourceQuality "1"]

1. e4 Nf6 2. e5 Nd5 3. c4 Nb6 4. d4 d6 5. exd6 exd6 6. Nc3 Be7 7. Be3 c6 8. Bd3
Na6 9. Nge2 Nb4 10. O-O Nxd3 11. Qxd3 d5 12. cxd5 Nxd5 13. Nxd5 Qxd5 14. Ng3 h5
15. Qe4 Qxe4 16. Nxe4 Bf5 17. Nc5 b6 18. Nb3 Be6 19. Rfd1 O-O-O 20. Rac1 Kb7
21. Rc2 Rd7 22. Rdc1 Rc8 23. Nd2 Bf6 24. Nf3 Bxa2 25. Ne5 Bxe5 26. dxe5 Rcd8
27. f4 Rd1+ 28. Rxd1 Rxd1+ 29. Kf2 Bd5 30. Re2 g6 31. Kg3 Rd3 32. Kf2 Ka6 33.
h3 h4 34. Kg1 Rd1+ 35. Kh2 Bc4 36. Rc2 Kb5 37. Bf2 Bd3 38. Rc3 c5 39. Bxh4 c4
40. Be7 Rd2 41. Ba3 Be4 42. Rg3 Ka4 43. Kg1 b5 44. Be7 b4 45. Bf6 Rxb2 46. Kf1
c3 47. e6 fxe6 48. Bxc3 bxc3 49. Rxc3 Bxg2+ 50. Ke1 Be4 51. Rc7 a5 52. Kd1 Bf5
0-1

[Event "GBR-ch108 Major Open"]
[Site "Torquay"]
[Date "2022.08.15"]
[Round "3"]
[White "Wheeler, James M"]
[Black "Liu, Tianyi (Jack)"]
[Result "1/2-1/2"]
[WhiteElo "1791"]
[BlackElo "1529"]
[PlyCount "60"]
[EventDate "2022.08.13"]
[EventType "swiss"]
[EventRounds "9"]
[EventCountry "GBR"]
[SourceTitle "BritBase"]
[Source "John Saunders"]
[SourceDate "2021.06.05"]
[SourceVersion "1"]
[SourceVersionDate "2021.06.05"]
[SourceQuality "1"]

1. d4 Nf6 2. Nc3 d5 3. Bg5 e6 4. e4 dxe4 5. Nxe4 Be7 6. Bxf6 Bxf6 7. Nf3 Be7 8.
Bd3 O-O 9. Qe2 Nd7 10. O-O-O b6 11. h4 Bb7 12. Bc4 Nf6 13. Nxf6+ Bxf6 14. c3
Bd5 15. g3 Qd6 16. Rhe1 Rfd8 17. Kb1 a5 18. Bd3 a4 19. a3 c5 20. Ng5 Bxg5 21.
hxg5 cxd4 22. c4 Bb7 23. Be4 Bxe4+ 24. Qxe4 g6 25. Rh1 Qf8 26. Rxd4 Rxd4 27.
Qxd4 Rb8 28. Rd1 Qe8 29. Rh1 Qf8 30. Rd1 Qe8 1/2-1/2

[Event "GBR-ch108 Major Open"]
[Site "Torquay"]
[Date "2022.08.15"]
[Round "3"]
[White "Ruane, Brendan J"]
[Black "Burton, Nick"]
[Result "1/2-1/2"]
[WhiteElo "1697"]
[BlackElo "1740"]
[PlyCount "94"]
[EventDate "2022.08.13"]
[EventType "swiss"]
[EventRounds "9"]
[EventCountry "GBR"]
[SourceTitle "BritBase"]
[Source "John Saunders"]
[SourceDate "2021.06.05"]
[SourceVersion "1"]
[SourceVersionDate "2021.06.05"]
[SourceQuality "1"]

1. e4 d6 2. Nc3 Nf6 3. Bc4 g6 4. d3 Bg7 5. f4 O-O 6. Nf3 c6 7. O-O b5 8. Bb3 b4
9. Na4 Nbd7 10. Qe1 a5 11. a3 Rb8 12. Bd2 c5 13. e5 Ne8 14. e6 fxe6 15. Qxe6+
Kh8 16. Ng5 Ne5 17. Qd5 Nf6 18. Ne6 Qe8 19. Nxf8 Nxd5 20. Bxd5 Nd7 21. Ne6 Nf6
22. Nxg7 Qxa4 23. Bb3 Qc6 24. Ne6 a4 25. Nd8 Qb6 26. Nf7+ Kg7 27. Bc4 d5 28.
Ne5 dxc4 29. Nxc4 Qc6 30. Rfe1 e6 31. Ne5 Qb5 32. Nc4 Bd7 33. Re5 Qc6 34. h3
Nd5 35. Rg5 Rf8 36. Ne5 Qd6 37. Rf1 Rf5 38. Rg3 Bc6 39. c4 Ne7 40. Re3 Bb7 41.
Rfe1 Rxf4 42. Ng4 Rxg4 43. hxg4 Bc8 44. axb4 cxb4 45. d4 Nc6 46. Re4 Nxd4 47.
Bf4 Qc5 1/2-1/2

[Event "GBR-ch108 Major Open"]
[Site "Torquay"]
[Date "2022.08.15"]
[Round "3"]
[White "Latypova, Olga L"]
[Black "Collins, Jonathan"]
[Result "0-1"]
[WhiteElo "1353"]
[BlackElo "1740"]
[PlyCount "134"]
[EventDate "2022.08.13"]
[EventType "swiss"]
[EventRounds "9"]
[EventCountry "GBR"]
[SourceTitle "BritBase"]
[Source "John Saunders"]
[SourceDate "2021.06.05"]
[SourceVersion "1"]
[SourceVersionDate "2021.06.05"]
[SourceQuality "1"]

1. e4 Nc6 2. Nf3 e5 3. Bc4 Be7 4. O-O d6 5. c3 Nf6 6. d3 O-O 7. Nbd2 Na5 8. Bb3
Nxb3 9. Qxb3 a5 10. a4 b6 11. Re1 Be6 12. Qc2 c5 13. Nf1 Qc8 14. Ng3 Ne8 15.
Be3 g6 16. Bh6 Ng7 17. Bxg7 Kxg7 18. Qd2 Bg4 19. Qe2 h5 20. h3 Bxf3 21. Qxf3 h4
22. Nf1 Bg5 23. Ne3 Bxe3 24. Qxe3 f5 25. Qg5 Qd8 26. Qxd8 Rfxd8 27. Rad1 Kf6
28. c4 Rg8 29. f3 Rh8 30. Kf2 Rh5 31. Re2 Rf8 32. Rde1 Kg5 33. Rd2 Kf4 34. Rde2
Rf7 35. Rg1 Rg5 36. Rge1 Rg3 37. Rg1 Kg5 38. Rd2 Kf6 39. Re2 Rf8 40. Rge1 Rf7
41. Rg1 Ke6 42. Rge1 Kf6 43. Rg1 Rg5 44. Rge1 Re7 45. b3 Rh5 46. Re3 Rhh7 47.
R3e2 Rhf7 48. Re3 Rd7 49. R3e2 Rfe7 50. Re3 Rb7 51. R3e2 Rbc7 52. Re3 Rcd7 53.
R3e2 g5 54. Re3 g4 55. fxg4 fxg4 56. hxg4 Kg5 57. Rh1 Rf7+ 58. Ke2 Rf4 59. Rf3
Kxg4 60. Rxf4+ exf4 61. Kf2 Rf7 62. Rg1 Rf6 63. Rh1 f3 64. Re1 fxg2+ 65. Kxg2
h3+ 66. Kg1 Kg3 67. Re3+ Rf3 0-1

[Event "GBR-ch108 Major Open"]
[Site "Torquay"]
[Date "2022.08.15"]
[Round "3"]
[White "McKay, Ruairidh"]
[Black "Taylor, William J"]
[Result "0-1"]
[WhiteElo "1394"]
[BlackElo "1936"]
[PlyCount "54"]
[EventDate "2022.08.13"]
[EventType "swiss"]
[EventRounds "9"]
[EventCountry "GBR"]
[SourceTitle "BritBase"]
[Source "John Saunders"]
[SourceDate "2021.06.05"]
[SourceVersion "1"]
[SourceVersionDate "2021.06.05"]
[SourceQuality "1"]

1. d4 Nf6 2. c4 g6 3. Nc3 Bg7 4. e4 d6 5. Be2 O-O 6. Bg5 c5 7. d5 h6 8. Be3 e6
9. Qd2 exd5 10. exd5 Kh7 11. h3 Re8 12. Nf3 Bf5 13. O-O Ne4 14. Nxe4 Bxe4 15.
Nh2 Qb6 16. Bd3 Qxb2 17. Qxb2 Bxb2 18. Bxe4 Bxa1 19. Bxg6+ fxg6 20. Rxa1 Nd7
21. Ng4 h5 22. Nh2 Re4 23. Rc1 Nb6 24. Nf3 Rxc4 25. Ng5+ Kg8 26. Rd1 Re8 27.
Nf3 Rf8 0-1

[Event "GBR-ch108 Major Open"]
[Site "Torquay"]
[Date "2022.08.15"]
[Round "3"]
[White "Pert, Max"]
[Black "Karski, Sebastian"]
[Result "1-0"]
[WhiteElo "1487"]
[BlackElo "1800"]
[PlyCount "83"]
[EventDate "2022.08.13"]
[EventType "swiss"]
[EventRounds "9"]
[EventCountry "GBR"]
[SourceTitle "BritBase"]
[Source "John Saunders"]
[SourceDate "2021.06.05"]
[SourceVersion "1"]
[SourceVersionDate "2021.06.05"]
[SourceQuality "1"]

1. d4 Nf6 2. Bg5 d5 3. e3 c5 4. Bxf6 gxf6 5. Nf3 Nc6 6. Nc3 Bg4 7. Be2 e6 8. h3
Bxf3 9. Bxf3 f5 10. Ne2 Bd6 11. Qd2 Rg8 12. O-O-O Qa5 13. Qxa5 Nxa5 14. c3 c4
15. g3 b5 16. Nf4 b4 17. Kd2 Kd7 18. g4 fxg4 19. hxg4 Rh8 20. Rh5 b3 21. a3 Nc6
22. Rdh1 Rab8 23. Rxh7 Rxh7 24. Rxh7 Bxa3 25. Kc1 Be7 26. Rxf7 Rg8 27. Nh5 Rf8
28. Rxf8 Bxf8 29. g5 Ne7 30. Nf6+ Kd6 31. Bh5 a5 32. f3 Nf5 33. e4 dxe4 34.
fxe4 Ng7 35. Ne8+ Nxe8 36. Bxe8 e5 37. d5 Kc5 38. Kd1 Kb6 39. Ke2 Ba3 40. g6
Bxb2 41. g7 Bxc3 42. g8=Q 1-0

[Event "GBR-ch108 Major Open"]
[Site "Torquay"]
[Date "2022.08.15"]
[Round "3"]
[White "Oh, Julie"]
[Black "Mize, Dylan"]
[Result "0-1"]
[WhiteElo "1161"]
[BlackElo "1538"]
[PlyCount "134"]
[EventDate "2022.08.13"]
[EventType "swiss"]
[EventRounds "9"]
[EventCountry "GBR"]
[SourceTitle "BritBase"]
[Source "John Saunders"]
[SourceDate "2021.06.05"]
[SourceVersion "1"]
[SourceVersionDate "2021.06.05"]
[SourceQuality "1"]

1. e4 c6 2. Nc3 d5 3. Nf3 dxe4 4. Nxe4 Nf6 5. Ng3 h5 6. h4 Bg4 7. Bc4 e6 8. d4
Bxf3 9. gxf3 Qc7 10. Ne4 Nbd7 11. Qe2 O-O-O 12. Bg5 Be7 13. O-O-O Rde8 14. Qd3
b5 15. Bb3 Nd5 16. Bxe7 Rxe7 17. Kb1 a5 18. a4 b4 19. Qa6+ Kb8 20. Nd2 Qb6 21.
Qd3 Ka7 22. Nc4 Qa6 23. Qd2 c5 24. dxc5 Nxc5 25. Qd4 Rc8 26. Qxg7 Nxa4 27. Bxa4
Qxc4 28. Bb3 Qc5 29. Qd4 Rec7 30. Rhg1 Qxd4 31. Rxd4 Nb6 32. Rg5 Rc5 33. Rxc5
Rxc5 34. Rf4 Rc7 35. Re4 Nd7 36. Ba4 Nc5 37. Re5 Kb6 38. b3 Nxa4 39. bxa4 Rc5
40. Re4 Rf5 41. f4 Rc5 42. Kb2 Kc6 43. f3 Kd6 44. Re3 f5 45. Kb3 Rc6 46. Rd3+
Ke7 47. c3 bxc3 48. Rxc3 Rb6+ 49. Ka3 Kd6 50. Rb3 Rxb3+ 51. Kxb3 Kd5 52. Kc3
Kc5 53. Kd3 Kb4 54. Kd4 Kxa4 55. Ke5 Kb3 56. Kxe6 a4 57. Kxf5 a3 58. Kg6 a2 59.
Kxh5 a1=Q 60. Kg6 Qh8 61. h5 Kc4 62. f5 Kd5 63. f6 Ke6 64. f7 Qf6+ 65. Kh7 Kxf7
66. h6 Qg6+ 67. Kh8 Qg8# 0-1

[Event "GBR-ch108 Major Open"]
[Site "Torquay"]
[Date "2022.08.15"]
[Round "3"]
[White "Willow, Hambel M"]
[Black "Sainbayar, Anuurai"]
[Result "0-1"]
[WhiteElo "1585"]
[BlackElo "1525"]
[PlyCount "78"]
[EventDate "2022.08.13"]
[EventType "swiss"]
[EventRounds "9"]
[EventCountry "GBR"]
[SourceTitle "BritBase"]
[Source "John Saunders"]
[SourceDate "2021.06.05"]
[SourceVersion "1"]
[SourceVersionDate "2021.06.05"]
[SourceQuality "1"]

1. d4 Nf6 2. c4 e6 3. Nc3 Bb4 4. Qc2 c5 5. Nf3 cxd4 6. Nxd4 Nc6 7. Nxc6 bxc6 8.
e3 O-O 9. Bd3 d5 10. O-O h6 11. Rd1 Ng4 12. h3 Ne5 13. b3 Qf6 14. Bb2 Nxd3 15.
Qxd3 Qg5 16. e4 Ba6 17. exd5 cxd5 18. Qd4 dxc4 19. Ne4 Qg6 20. bxc4 Rac8 21. c5
Bb7 22. Qxb4 Bxe4 23. g4 Rfd8 24. Rd6 Bd5 25. Rxd8+ Rxd8 26. Rd1 a5 27. Qd4 Rb8
28. Rc1 Rb4 29. Qe5 Re4 30. Qg3 Re2 31. c6 Bxc6 32. Rxc6 Rxb2 33. Rc8+ Kh7 34.
Rb8 Rxa2 35. Qb3 Ra1+ 36. Kh2 Qe4 37. Qb2 Rh1+ 38. Kg3 Rg1+ 39. Kh4 g5+ 0-1

[Event "GBR-ch108 Major Open"]
[Site "Torquay"]
[Date "2022.08.16"]
[Round "4"]
[White "Saunders, Aron"]
[Black "James, Russell A"]
[Result "1/2-1/2"]
[WhiteElo "1517"]
[BlackElo "2033"]
[PlyCount "75"]
[EventDate "2022.08.13"]
[EventType "swiss"]
[EventRounds "9"]
[EventCountry "GBR"]
[SourceTitle "BritBase"]
[Source "John Saunders"]
[SourceDate "2021.06.05"]
[SourceVersion "1"]
[SourceVersionDate "2021.06.05"]
[SourceQuality "1"]

1. e4 c5 2. c3 d5 3. exd5 Qxd5 4. Nf3 Nf6 5. d4 Nc6 6. Be3 Bg4 7. Be2 e6 8. O-O
cxd4 9. cxd4 Be7 10. Nc3 Qd6 11. Rc1 O-O 12. a3 Rfd8 13. b4 Rac8 14. Qb3 Qb8
15. Rfd1 Nd5 16. Nxd5 exd5 17. h3 Bh5 18. g4 Bg6 19. b5 Na5 20. Qa4 Nc4 21.
Bxc4 dxc4 22. Rxc4 Be4 23. Ne5 Bd5 24. Rcc1 f6 25. Nd3 Bd6 26. Nb4 Bf3 27. Re1
Kh8 28. Qb3 Bh2+ 29. Kf1 Bd6 30. Rxc8 Qxc8 31. Bd2 Bxb4 32. Bxb4 Bd5 33. Qc3
Qxc3 34. Bxc3 Bc4+ 35. Kg2 Bxb5 36. Re7 Kg8 37. Kg3 Rd7 38. Rxd7 1/2-1/2

[Event "GBR-ch108 Major Open"]
[Site "Torquay"]
[Date "2022.08.16"]
[Round "4"]
[White "Dignam, Matthew"]
[Black "Kumar, Sanjit S"]
[Result "1-0"]
[WhiteElo "2080"]
[BlackElo "1534"]
[PlyCount "55"]
[EventDate "2022.08.13"]
[EventType "swiss"]
[EventRounds "9"]
[EventCountry "GBR"]
[SourceTitle "BritBase"]
[Source "John Saunders"]
[SourceDate "2021.06.05"]
[SourceVersion "1"]
[SourceVersionDate "2021.06.05"]
[SourceQuality "1"]

1. e4 e6 2. d4 d5 3. e5 c5 4. c3 Nc6 5. Nf3 Qb6 6. Bd3 cxd4 7. O-O Bd7 8. Re1
Bc5 9. b4 Be7 10. b5 Na5 11. Nxd4 Nc4 12. Qg4 g6 13. Nd2 Nxd2 14. Bxd2 Bc5 15.
a4 Ne7 16. a5 Qc7 17. Nb3 b6 18. Nxc5 bxc5 19. Bg5 c4 20. b6 axb6 21. axb6 Rxa1
22. Rxa1 Qxb6 23. Bxe7 Kxe7 24. Qg5+ Kf8 25. Qh6+ Ke7 26. Bxg6 Qb2 27. Qg5+ Kf8
28. Rb1 1-0

[Event "GBR-ch108 Major Open"]
[Site "Torquay"]
[Date "2022.08.16"]
[Round "4"]
[White "Pert, Nina"]
[Black "Ogunshola, Ben"]
[Result "0-1"]
[WhiteElo "1553"]
[BlackElo "2140"]
[PlyCount "58"]
[EventDate "2022.08.13"]
[EventType "swiss"]
[EventRounds "9"]
[EventCountry "GBR"]
[SourceTitle "BritBase"]
[Source "John Saunders"]
[SourceDate "2021.06.05"]
[SourceVersion "1"]
[SourceVersionDate "2021.06.05"]
[SourceQuality "1"]

1. e4 c5 2. Nc3 Nc6 3. Nf3 g6 4. d4 cxd4 5. Nxd4 Bg7 6. Be3 d6 7. Qd2 Nf6 8. f3
O-O 9. O-O-O Nxd4 10. Bxd4 Be6 11. g4 Qa5 12. Kb1 Rfc8 13. h4 Rxc3 14. Qxc3
Qxa2+ 15. Kc1 Bxg4 16. Qe3 e5 17. c3 exd4 18. Rxd4 Be6 19. Bd3 Nh5 20. Rb4 Be5
21. Bb1 Qa1 22. Kc2 b5 23. Qd3 a6 24. Rd1 Nf4 25. Qe3 a5 26. Rbd4 Rc8 27. Rxd6
Bb3+ 28. Kc1 Rxc3+ 29. bxc3 Qa3+ 0-1

[Event "GBR-ch108 Major Open"]
[Site "Torquay"]
[Date "2022.08.16"]
[Round "4"]
[White "Smith, Andrew Philip"]
[Black "McKay, Jonathan"]
[Result "1-0"]
[WhiteElo "2073"]
[BlackElo "1636"]
[PlyCount "55"]
[EventDate "2022.08.13"]
[EventType "swiss"]
[EventRounds "9"]
[EventCountry "GBR"]
[SourceTitle "BritBase"]
[Source "John Saunders"]
[SourceDate "2021.06.05"]
[SourceVersion "1"]
[SourceVersionDate "2021.06.05"]
[SourceQuality "1"]

1. e4 e5 2. d4 exd4 3. Qxd4 Nc6 4. Qe3 Nf6 5. Nc3 Bb4 6. Bd2 O-O 7. O-O-O Re8
8. Bc4 d6 9. Nf3 Be6 10. Bxe6 Rxe6 11. Ng5 Re5 12. f4 Re8 13. g4 h6 14. h4 Qe7
15. Rde1 Nxg4 16. Qg3 h5 17. Kb1 Qd7 18. Rhg1 Nd4 19. Qd3 Bc5 20. Rg2 b5 21. e5
Qf5 22. Nce4 Kf8 23. c3 Nc6 24. Nxc5 Qxd3+ 25. Nxd3 dxe5 26. Nxe5 Ncxe5 27.
fxe5 Nxe5 28. Nh7+ 1-0

[Event "GBR-ch108 Major Open"]
[Site "Torquay"]
[Date "2022.08.16"]
[Round "4"]
[White "Leslie, Alex"]
[Black "Garnett, John S"]
[Result "1-0"]
[WhiteElo "1827"]
[BlackElo "1916"]
[PlyCount "92"]
[EventDate "2022.08.13"]
[EventType "swiss"]
[EventRounds "9"]
[EventCountry "GBR"]
[SourceTitle "BritBase"]
[Source "John Saunders"]
[SourceDate "2021.06.05"]
[SourceVersion "1"]
[SourceVersionDate "2021.06.05"]
[SourceQuality "1"]

1. d4 d5 2. c4 dxc4 3. e4 e5 4. Nf3 exd4 5. Bxc4 Nc6 6. O-O Be6 7. Bxe6 fxe6 8.
Qb3 Qd7 9. Qxb7 Rb8 10. Qa6 Nf6 11. e5 Nd5 12. Nbd2 Be7 13. Nb3 O-O 14. Nbxd4
Nxd4 15. Nxd4 Nf4 16. Bxf4 Rxf4 17. Qxe6+ Qxe6 18. Nxe6 Re4 19. b3 Rxe5 20.
Rfe1 Rxe1+ 21. Rxe1 Bd6 22. g3 Kf7 23. Re4 h6 24. Nf4 Rb5 25. Kg2 Ra5 26. a4
Rc5 27. b4 Rc2 28. Nd3 Kf6 29. Rd4 Rd2 30. Kf3 Ra2 31. b5 Ra3 32. Ke4 Ra1 33.
Kd5 Rh1 34. Kc6 Rd1 35. Kb7 g5 36. a5 Rb1 37. Kc6 Ra1 38. a6 Rb1 39. Rc4 Rd1
40. Nc5 Ke5 41. Nb7 Rb1 42. f3 Rd1 43. b6 axb6 44. Nxd6 cxd6 45. Ra4 Rc1+ 46.
Kb7 Kd5 1-0

[Event "GBR-ch108 Major Open"]
[Site "Torquay"]
[Date "2022.08.16"]
[Round "4"]
[White "Truman, Richard G"]
[Black "Thatte, Nishchal"]
[Result "1/2-1/2"]
[WhiteElo "1943"]
[BlackElo "1850"]
[PlyCount "73"]
[EventDate "2022.08.13"]
[EventType "swiss"]
[EventRounds "9"]
[EventCountry "GBR"]
[SourceTitle "BritBase"]
[Source "John Saunders"]
[SourceDate "2021.06.05"]
[SourceVersion "1"]
[SourceVersionDate "2021.06.05"]
[SourceQuality "1"]

1. d4 Nf6 2. c4 e6 3. g3 d5 4. Bg2 Bb4+ 5. Bd2 Be7 6. Nf3 O-O 7. O-O Nbd7 8.
Qc2 c6 9. b3 b6 10. Bc3 Ba6 11. Nbd2 c5 12. e4 dxe4 13. Nxe4 Nxe4 14. Qxe4 Nf6
15. Qc2 Bb7 16. Rad1 Qc7 17. dxc5 Qxc5 18. Ng5 Qxg5 19. Bxb7 Rab8 20. Bg2 b5
21. Bd4 bxc4 22. Qxc4 Qa5 23. Qe2 Rfd8 24. Be5 Rbc8 25. Bb7 Rc5 26. Rxd8+ Bxd8
27. Bd6 Rf5 28. Bg2 Bb6 29. b4 Qa4 30. Bh3 Rd5 31. Be7 Qd7 32. Bxf6 gxf6 33.
Qg4+ Kf8 34. Qh4 Kg7 35. Qg4+ Kf8 36. Qh4 Kg7 37. Qg4+ 1/2-1/2